<?xml version="1.0" encoding="UTF-8"?>
<collection xmlns:xsi="http://www.w3.org/2001/XMLSchema-instance" xsi:schemaLocation="http://www.loc.gov/MARC21/slim http://www.loc.gov/standards/marcxml/schema/MARC21slim.xsd" xmlns="http://www.loc.gov/MARC21/slim">
 <record>
  <leader>00000ctm a22000004i 4500</leader>
  <controlfield tag="001">UP-99796217612279763</controlfield>
  <controlfield tag="003">Buklod</controlfield>
  <controlfield tag="005">20161027170539.0</controlfield>
  <controlfield tag="006">m    |o  d |      </controlfield>
  <controlfield tag="007">ta</controlfield>
  <controlfield tag="008">161027s2016    xx     d     r    |||| u|</controlfield>
  <datafield tag="035" ind1=" " ind2=" ">
   <subfield code="a">(iLib)UPD-00259710689</subfield>
  </datafield>
  <datafield tag="040" ind1=" " ind2=" ">
   <subfield code="a">DENG</subfield>
   <subfield code="e">rda</subfield>
  </datafield>
  <datafield tag="041" ind1=" " ind2=" ">
   <subfield code="a">eng</subfield>
  </datafield>
  <datafield tag="042" ind1=" " ind2=" ">
   <subfield code="a">DMLUC</subfield>
  </datafield>
  <datafield tag="090" ind1=" " ind2=" ">
   <subfield code="a">LG 995 2016 E653</subfield>
   <subfield code="b">V55</subfield>
  </datafield>
  <datafield tag="100" ind1="1" ind2=" ">
   <subfield code="a">Villaluz, Finella Jianna A.</subfield>
   <subfield code="e">author.</subfield>
  </datafield>
  <datafield tag="245" ind1="1" ind2="0">
   <subfield code="a">Synthesis of ammonium iron (II) sulfate-doped nano-TiO2 photocatalyst for the removal of 4-chlorophenol under visible light irradiation</subfield>
   <subfield code="c">by Finella Jianna A. Villaluz ; Mark Daniel G. De Luna, adviser.</subfield>
  </datafield>
  <datafield tag="264" ind1=" " ind2="1">
   <subfield code="a">Quezon City</subfield>
   <subfield code="b">College of Engineering, University of the Philippines Diliman</subfield>
   <subfield code="c">2016.</subfield>
  </datafield>
  <datafield tag="300" ind1=" " ind2=" ">
   <subfield code="a">xiii, 96 leaves</subfield>
   <subfield code="b">illustrations</subfield>
   <subfield code="c">28 cm</subfield>
  </datafield>
  <datafield tag="336" ind1=" " ind2=" ">
   <subfield code="a">text</subfield>
   <subfield code="2">rdacontent</subfield>
  </datafield>
  <datafield tag="337" ind1=" " ind2=" ">
   <subfield code="a">unmediated</subfield>
   <subfield code="2">rdamedia</subfield>
  </datafield>
  <datafield tag="338" ind1=" " ind2=" ">
   <subfield code="a">volume</subfield>
   <subfield code="2">rdacarrier</subfield>
  </datafield>
  <datafield tag="502" ind1=" " ind2=" ">
   <subfield code="a">Thesis (M.S. Environmental Engineering)--University of the Philippines Diliman</subfield>
   <subfield code="d">July 2016.</subfield>
  </datafield>
  <datafield tag="506" ind1=" " ind2=" ">
   <subfield code="a">Available to the general public.</subfield>
  </datafield>
  <datafield tag="520" ind1="3" ind2=" ">
   <subfield code="a">4-Chlorophenol (4-CP) is listed as a primary water pollutant in the U.S. EPA for its potential as a carcinogen and mutagen to mammals as well as to aquatic life. In this study, the removal of this pollutant through visible-light photocatalysis was dealt with using the synthesized(NH,)2Fe(SO4)2-doped nano-TiO2photocatalyst.The effects of varying synthesis parameters namely amount of dopant, calcination temperature, and amount of acid were examined as well as the effects of photocatalyst dosage, pH, and initial 4-CP concentration as operating parameters. Sol-gel method was used to effectively synthesize the photocatalysts, which were subsequently characterized by Scanning Electron Microscopy-Energy Dispersive X-ray Spectroscopy (SEM-EDX), X-ray Diffraction (XRD), Ultraviolet-visible Diffuse Reflectance (UV-vis DRS), X-ray Photoelectron Spectroscopy (XPS) and Brunauer-Emmett-Teller (BET) Analyses. Through the use of High Performance Liquid Chromatography(HPLC) analysis,99.20% of 10 ppm 4-CP mixed with 0.40 g/L synthesized photocatalyst in a solution with a pH of 7.0 was successfully removed after 3 h at the specified synthesis parameter conditions of dopant amount (0.10 mol% of 0.20 M (NH4)2Fe(SO4)2), amount of nitric acid (0.05 vol% of 65% HNO3/Ti(OBu)4), and calcination temperature (400°C). It was also found out that the photocatalyst can be reused 4 times or more at the same experimental conditions. Lastly, the Langmuir-Hinshelwood model favorably describes the rate of reaction of 4- CP with the calculated values for the rate constant, kLH, equivalent to 0.429 min and Langmuir adsorption constant, KL, equal to 2.326 ppm-1.</subfield>
  </datafield>
  <datafield tag="650" ind1=" " ind2="0">
   <subfield code="a">Chlorophenols.</subfield>
  </datafield>
  <datafield tag="650" ind1=" " ind2="0">
   <subfield code="a">Water</subfield>
   <subfield code="x">Purification</subfield>
   <subfield code="x">Photocatalysis.</subfield>
  </datafield>
  <datafield tag="700" ind1="1" ind2=" ">
   <subfield code="a">De Luna, Mark Daniel G.</subfield>
   <subfield code="e">adviser.</subfield>
  </datafield>
  <datafield tag="700" ind1="1" ind2=" ">
   <subfield code="a">Lu, Ming-Chun</subfield>
   <subfield code="e">co-adviser.</subfield>
  </datafield>
  <datafield tag="905" ind1=" " ind2=" ">
   <subfield code="a">FI</subfield>
  </datafield>
  <datafield tag="905" ind1=" " ind2=" ">
   <subfield code="a">UP</subfield>
  </datafield>
  <datafield tag="852" ind1="0" ind2=" ">
   <subfield code="a">UPD</subfield>
   <subfield code="b">DARCHIVES</subfield>
   <subfield code="h">LG 995 2016 E653</subfield>
   <subfield code="i">V55</subfield>
  </datafield>
  <datafield tag="852" ind1="0" ind2=" ">
   <subfield code="a">UPD</subfield>
   <subfield code="b">DENG-II</subfield>
   <subfield code="h">LG 995 2016 E653</subfield>
   <subfield code="i">V55</subfield>
  </datafield>
  <datafield tag="942" ind1=" " ind2=" ">
   <subfield code="a">Thesis</subfield>
  </datafield>
 </record>
</collection>
